| 000 | 00553nam a22002177a 4500 | ||
|---|---|---|---|
| 003 | OSt | ||
| 005 | 20140310182821.0 | ||
| 008 | 130304t xxu||||| |||| 00| 0 eng d | ||
| 020 | _a0806995696 | ||
| 050 |
_aTT715 _b.P252 1997 |
||
| 082 |
_aM 646.2 _bP23 1997 |
||
| 245 |
_aGreat sewing accessories--to sew _cParks, Carol |
||
| 260 |
_aNew York _bSterling Pub. Co. _cc1997 |
||
| 300 |
_a112 p. _c26 cm. |
||
| 521 | _acollege students | ||
| 526 | _c1210L-1700L | ||
| 541 | _j1 | ||
| 541 | _j2 | ||
| 562 | _e2 | ||
| 942 |
_2lcc _cBK _kM |
||
| 999 |
_c16404 _d16404 |
||